Philippine Provinces Scrambled - Statistics

General Stats
  • This quiz has been taken 24 times
  • The average score is 9 of 20
Answer Stats
Country % Correct
Abra
100%
Albay
100%
Bataan
100%
Batangas
100%
Bohol
100%
Cavite
100%
Cebu
100%
Cotabato
100%
Ifugao
100%
Iloilo
100%
Leyte
100%
Nueva Vizcaya
100%
Pangasinan
100%
Romblon
100%
Samar
100%
Siquijor
100%
Sorsogon
100%
Sulu
100%
Tawi-Tawi
100%
Zambales
100%
Tarlac
89%
Aklan
80%
Benguet
80%
Pampanga
80%
Aurora
75%
Palawan
75%
Batanes
67%
Marinduque
67%
Nueva Ecija
67%
Quezon
67%
Apayao
63%
Bukidnon
60%
Sultan Kudarat
57%
Biliran
50%
Cagayan
50%
Capiz
50%
Guimaras
50%
Isabela
50%
Masbate
50%
Antique
40%
Rizal
40%
Bulacan
33%
Davao del Sur
33%
Davao de Oro
33%
Ilocos Sur
33%
La Union
33%
Catanduanes
25%
Davao del Norte
25%
Negros Oriental
25%
Sarangani
25%
Basilan
20%
Camarines Sur
20%
Ilocos Norte
20%
Northern Samar
17%
Eastern Samar
14%
Agusan Del Norte
0%
Agusan Del Sur
0%
Camarines Norte
0%
Camiguin
0%
Davao Occidental
0%
Davao Oriental
0%
Dinagat Islands
0%
Kalinga
0%
Laguna
0%
Lanao del Norte
0%
Lanao del Sur
0%
Maguindanao
0%
Maguindanao del Sur
0%
Misamis Occidental
0%
Misamis Oriental
0%
Mountain Province
0%
Negros Occidental
0%
Occidental Mindoro
0%
Oriental Mindoro
0%
Quirino
0%
South Cotabato
0%
Southern Leyte
0%
Surigao del Norte
0%
Surigao del Sur
0%
Zamboanga Del Norte
0%
Zamboanga Del Sur
0%
Zamboanga Sibugay
0%
No matching quizzes found
Score Distribution
Percent of People with Each Score
Percentile by Number Answered
Your Score History
You have not taken this quiz